00783nam a2200217 i 450000100060000000300090000600500170001500700030003200800410003508000120007624501030008825000380019126000310022930000350026065000370029570000290033270000390036185200250040099900170042595201230044280163ES-MaACL20250814031823.0t|041026s1959 sp ||||1| spa d a502(02)00aHistoria natural de la creación / cC.G. Dolmage ... [et al.] ; [versión, José M. Borrás]. a7ª ed., ampl. y puesta al día. aBarcelona : bAve, c1959. a2 v. : b266 lám. ; c25 cm. 7aCiencias naturales2embne9109841 aDolmage, Cecil G.9450421 aBorrás i Codina, Josep M.930565 aES-MaACLjC-17395-96 c80163d80163 00104070aATENEOMbATENEOMcMESd2008-01-17eSCl0oC-17395-96p1083814r2023-02-23 00:00:00w2023-02-23yMONOGRAFIA